International Island Games Association Members with Hints - Statistics

General Stats
  • This quiz has been taken 4 times
  • The average score is 15 of 24
Answer Stats
Nation Answer % Correct
Finland Åland
100%
Denmark Faroe Islands
100%
Denmark Greenland
100%
United Kingdom Guernsey
100%
United Kingdom Jersey
100%
Sweden Gotland
75%
Malta Gozo
75%
United Kingdom Isle of Man
75%
United Kingdom Isle of Wight
75%
Spain Menorca
75%
United Kingdom Orkney
75%
Estonia Saaremaa
75%
United Kingdom Sark
75%
United Kingdom Shetland
75%
United Kingdom Alderney
50%
United Kingdom Bermuda
50%
United Kingdom Western Isles
50%
United Kingdom Ynys Môn
50%
United Kingdom Falkland Islands
25%
Norway Frøya
25%
United Kingdom Gibraltar
25%
Norway Hitra
25%
United Kingdom Saint Helena
25%
United Kingdom Cayman Islands
0%
No matching quizzes found
Score Distribution
Percent of People with Each Score
Percentile by Number Answered
Your Score History
You have not taken this quiz